[Event "CAN-ch U12 Girls"]
[Site "Windsor"]
[Date "2015.07.09"]
[Round "6.81"]
[White "Bhanji, Zaynah"]
[Black "Kathirkamar, Janani"]
[Result "1-0"]
[WhiteElo "1307"]
[BlackElo "1248"]
[PlyCount "127"]
[EventDate "2015.07.06"]
[EventType "swiss"]
[EventRounds "7"]
[EventCountry "CAN"]
[SourceTitle "EXT 2022"]
[Source "ChessBase"]
[SourceDate "2021.10.06"]
[SourceVersion "1"]
[SourceVersionDate "2021.10.06"]
[SourceQuality "1"]

1. e4 e5 2. Nf3 Nc6 3. Bb5 Bc5 4. d3 Nf6 5. c3 d6 6. 0-0 0-0 7. Re1 h6 8. h3 a6 9. Ba4 Ba7 10. Nbd2 Nh5 11. Bxc6 bxc6 12. Nxe5 Qh4 13. d4 dxe5 14. Nf3 Qf6 15. Nxe5 Nf4 16. Bxf4 Qxf4 17. Nxc6 Bb7 18. Nxa7 Rxa7 19. d5 Raa8 20. Qb3 Rab8 21. Qc2 Rfe8 22. Re2 Re7 23. Rae1 Rbe8 24. Qb3 Bc8 25. Qc2 Re5 26. Re3 Qh4 27. Qd3 Rd8 28. c4 Qe7 29. Qc3 Bb7 30. b3 c5 31. Qd3 Rh5 32. Qc3 Bc8 33. Rg3 Rg5 34. Rf3 Rd6 35. Rg3 Rdg6 36. Rxg5 Qxg5 37. Qf3 Qd2 38. Re2 Qd1+ 39. Kh2 Rf6 40. Qe3 Rg6 41. Re1 Qh5 42. Qxc5 Rxg2+ 43. Kxg2 Bxh3+ 44. Kh2 Bg4+ 45. Kg1 Qh3 46. Re3 Bf3 47. Rxf3 Qxf3 48. Qc8+ Kh7 49. Qf5+ Qxf5 50. exf5 Kg8 51. d6 Kf8 52. c5 Ke8 53. c6 Kd8 54. b4 g6 55. fxg6 fxg6 56. Kg2 g5 57. a4 h5 58. b5 axb5 59. axb5 Kc8 60. b6 g4 61. d7+ Kd8 62. b7 Kc7 63. b8Q+ Kxb8 64. d8Q+ 1-0

[Event "CAN-ch U12 Girls"]
[Site "Windsor"]
[Date "2015.07.07"]
[Round "3.81"]
[White "Kathirkamar, Janani"]
[Black "Tan, Kylie"]
[Result "1/2-1/2"]
[WhiteElo "1248"]
[BlackElo "1541"]
[PlyCount "198"]
[EventDate "2015.07.06"]
[EventType "swiss"]
[EventRounds "7"]
[EventCountry "CAN"]
[SourceTitle "EXT 2022"]
[Source "ChessBase"]
[SourceDate "2021.10.06"]
[SourceVersion "1"]
[SourceVersionDate "2021.10.06"]
[SourceQuality "1"]

1. d4 Nf6 2. Bf4 d5 3. e3 e6 4. Nf3 Be7 5. c4 0-0 6. Bd3 Nbd7 7. 0-0 Re8 8. Nc3 c6 9. h3 Nf8 10. c5 Qd7 11. Ne5 Qd8 12. Qf3 Ng6 13. Bg3 Rf8 14. Qe2 Nd7 15. Qh5 Qe8 16. Ne2 Nf6 17. Qf3 Bd7 18. Rad1 Rc8 19. Nc3 Bd8 20. e4 Bc7 21. Nxd7 Nxd7 22. e5 f6 23. Qg4 fxe5 24. f3 exd4 25. Bxc7 Rxc7 26. Qxd4 Nf4 27. Bc2 e5 28. Qf2 Qe7 29. b4 Qg5 30. Kh2 Rf6 31. Ne2 Rh6 32. Qg3 Qxg3+ 33. Nxg3 Rc8 34. Nf5 Re6 35. Nd6 Rb8 36. Bf5 Re7 37. g3 Nh5 38. Rfe1 Ndf6 39. f4 e4 40. Rf1 g6 41. g4 Ng7 42. g5 Nfe8 43. Nxe8 Rbxe8 44. Bg4 Nf5 45. Rfe1 Rd8 46. Bxf5 gxf5 47. Rd4 Kg7 48. Kg3 b6 49. cxb6 axb6 50. Red1 Ra7 51. Ra1 Rda8 52. b5 Ra3+ 53. Kh4 c5 54. Rxd5 Rf8 55. Rd6 Rf3 56. Rxb6 Rxf4+ 57. Kg3 Rf3+ 58. Kg2 f4 59. Re6 Re3 60. b6 Re2+ 61. Kf1 f3 62. Re1 Rxa2 63. R1xe4 Rb2 64. h4 f2 65. Rf6 Rxf6 66. gxf6+ Kxf6 67. Rf4+ Ke6 68. Rxf2 Rxf2+ 69. Kxf2 Kd6 70. b7 Kc7 71. b8Q+ Kxb8 72. Ke3 Kc7 73. Ke4 Kd6 74. Kd3 Kd5 75. h5 h6 76. Kc3 Ke4 77. Kc4 Kf5 78. Kxc5 Kg5 79. Kd4 Kxh5 80. Ke3 Kg4 81. Kf2 Kf4 82. Kg1 Kg3 83. Kh1 h5 84. Kg1 h4 85. Kh1 Kf3 86. Kh2 Kf4 87. Kh3 Kg5 88. Kh2 Kg4 89. Kh1 Kh3 90. Kg1 Kg3 91. Kh1 h3 92. Kg1 Kf3 93. Kh1 Kg4 94. Kg1 Kg3 95. Kh1 Kf3 96. Kh2 Kg4 97. Kh1 Kg3 98. Kg1 h2+ 99. Kh1 Kh3 1/2-1/2

[Event "CAN-ch U10 Girls"]
[Site "Ottawa"]
[Date "2013.07.12"]
[Round "6"]
[White "Zhang, Jeannie"]
[Black "Kathirkamar, Janani"]
[Result "1-0"]
[WhiteElo "1501"]
[BlackElo "906"]
[PlyCount "73"]
[EventDate "2013.07.10"]
[EventType "swiss"]
[EventRounds "6"]
[EventCountry "CAN"]
[SourceTitle "EXT 2022"]
[Source "ChessBase"]
[SourceDate "2021.10.06"]
[SourceVersion "1"]
[SourceVersionDate "2021.10.06"]
[SourceQuality "1"]

1. e4 e5 2. Nf3 Nc6 3. Bc4 Bc5 4. c3 Nf6 5. d3 h6 6. Bb3 0-0 7. Nbd2 d6 8. h3 Be6 9. Bc2 a5 10. Nf1 Qd7 11. Ng3 Nh7 12. 0-0 Ne7 13. Nh4 a4 14. Be3 b6 15. Qf3 f6 16. Qe2 c6 17. a3 Rab8 18. d4 Rf7 19. dxc5 bxc5 20. Bxa4 Qa7 21. Bd1 d5 22. Rb1 d4 23. Bd2 c4 24. cxd4 exd4 25. Nf3 c3 26. Bf4 Rb7 27. b3 Qxa3 28. Nxd4 Bd7 29. Qc4 Rb8 30. Bxb8 Kh8 31. Qxf7 Qb4 32. Bc2 Bc8 33. Qe8+ Ng8 34. Qxc8 Qxd4 35. b4 g6 36. Bb3 Qxb4 37. Qxg8# 1-0